000 00349pab a2200145 454500
008 180718b2009 xxu||||| |||| 00| 0 eng d
245 _aSAVING the Nehru memorial museum and library
260 _c2009
300 _ap.27-29.
362 _a27 Jun
650 _aLibraries
773 _aEconomic and Political Weekly
908 _aN
909 _a83003
999 _c83003
_d83003